| 000 -LEADER |
| fixed length control field |
00627nam a2200241Ia 4500 |
| 001 - CONTROL NUMBER |
| control field |
18542 |
| 003 - CONTROL NUMBER IDENTIFIER |
| control field |
GE_BSU |
| 008 - FIXED-LENGTH DATA ELEMENTS--GENERAL INFORMATION |
| fixed length control field |
181216s||||||||xx |||||||||||||| ||und|| |
| 010 ## - LIBRARY OF CONGRESS CONTROL NUMBER |
| LC control number |
9780753728161 |
| 040 ## - CATALOGING SOURCE |
| Transcribing agency |
GE_BSU |
| 080 ## - UNIVERSAL DECIMAL CLASSIFICATION NUMBER |
| Universal Decimal Classification number |
821.111-32 |
| 100 ## - MAIN ENTRY--PERSONAL NAME |
| Personal name |
Dickens,Charls. |
| 245 ## - TITLE STATEMENT |
| Title |
Nicholas Nickleby,Hard Times,A Christmas Carol |
| 245 ## - TITLE STATEMENT |
| Remainder of title |
Three Landmark Novels |
| 260 ## - PUBLICATION, DISTRIBUTION, ETC. |
| Place of publication, distribution, etc. |
Britain |
| 260 ## - PUBLICATION, DISTRIBUTION, ETC. |
| Name of publisher, distributor, etc. |
Bounty |
| 260 ## - PUBLICATION, DISTRIBUTION, ETC. |
| Date of publication, distribution, etc. |
2014 |
| 300 ## - PHYSICAL DESCRIPTION |
| Extent |
778p,22cm. |
| 653 ## - INDEX TERM--UNCONTROLLED |
| Uncontrolled term |
Nicholas Nickleby,Hard Times,A Christmas Carol |
| 653 ## - INDEX TERM--UNCONTROLLED |
| Uncontrolled term |
ინგლისური მოთხრობა |
| 942 ## - ADDED ENTRY ELEMENTS (KOHA) |
| Koha item type |
წიგნი |